PRAMEHA (Record no. 14509)

MARC details
000 -LEADER
fixed length control field 00314nam a22001457a 4500
003 - CONTROL NUMBER IDENTIFIER
control field SGT
020 ## - INTERNATIONAL STANDARD BOOK NUMBER
International Standard Book Number 978-93-81608-61-6
082 ## - DEWEY DECIMAL CLASSIFICATION NUMBER
Classification number 615
Item number P15M
100 ## - MAIN ENTRY--PERSONAL NAME
Personal name MANOHAR, SUJITHRA RAM
245 ## - TITLE STATEMENT
Title PRAMEHA
260 ## - PUBLICATION, DISTRIBUTION, ETC. (IMPRINT)
Place of publication, distribution, etc NEW DELHI
Name of publisher, distributor, etc CHAUKHAMBHA PUB
Year of Publication 2015
300 ## - PAGE DESCRIPTION
No. of Pages 425
650 ## - SUBJECT ADDED ENTRY--TOPICAL TERM
Topical term or geographic name as entry element AYURVEDA
942 ## - ADDED ENTRY ELEMENTS (KOHA)
Source of classification or shelving scheme Dewey Decimal Classification
Koha item type Books
942 ## - ADDED ENTRY ELEMENTS (KOHA)
-- 3
Holdings
Withdrawn status Lost status Source of classification or shelving scheme Damaged status Not for loan Collection code Home library Current library Shelving location Date acquired Vendor Name Cost, normal purchase price SGTU Bill Number Total Checkouts Full call number Accession No. (Barcode) Date last seen Bill Date Koha item type Date last borrowed
    Dewey Decimal Classification     AYURVEDA SGT FA-FP Library SGT FA-FP Library Text Book 12/01/2018 CHAUKHAMBHA PUB 495.00 SGTU CP/B/849   615 P15M FA7586 12/01/2018 25/12/2017 Books  
    Dewey Decimal Classification     AYURVEDA SGT FA-FP Library SGT FA-FP Library Text Book 12/01/2018 CHAUKHAMBHA PUB 495.00 SGTU CP/B/849 1 615 P15M FA7587 29/10/2022 25/12/2017 Books 18/10/2022
    Dewey Decimal Classification     AYURVEDA SGT FA-FP Library SGT FA-FP Library Text Book 12/01/2018 CHAUKHAMBHA PUB 495.00 SGTU CP/B/849 2 615 P15M FA7588 17/12/2018 25/12/2017 Books 03/12/2018
    Dewey Decimal Classification     AYURVEDA SGT FA-FP Library SGT FA-FP Library Text Book 12/01/2018 CHAUKHAMBHA PUB 495.00 SGTU CP/B/849   615 P15M FA7589 12/01/2018 25/12/2017 Books  
    Dewey Decimal Classification     AYURVEDA SGT FA-FP Library SGT FA-FP Library Text Book 12/01/2018 CHAUKHAMBHA PUB 495.00 SGTU CP/B/849 2 615 P15M FA7590 04/10/2022 25/12/2017 Books 20/09/2022
    Dewey Decimal Classification     AYURVEDA SGT FA-FP Library SGT FA-FP Library Text Book 12/01/2018 CHAUKHAMBHA PUB 495.00 SGTU CP/B/849   615 P15M FA7591 12/01/2018 25/12/2017 Books  
    Dewey Decimal Classification     AYURVEDA SGT FA-FP Library SGT FA-FP Library Text Book 12/01/2018 CHAUKHAMBHA PUB 495.00 SGTU CP/B/849   615 P15M FA7592 12/01/2018 25/12/2017 Books  
    Dewey Decimal Classification     AYURVEDA SGT FA-FP Library SGT FA-FP Library Text Book 12/01/2018 CHAUKHAMBHA PUB 495.00 SGTU CP/B/849   615 P15M FA7593 12/01/2018 25/12/2017 Books  
    Dewey Decimal Classification     AYURVEDA SGT FA-FP Library SGT FA-FP Library Text Book 12/01/2018 CHAUKHAMBHA PUB 495.00 SGTU CP/B/849 2 615 P15M FA7594 19/02/2019 25/12/2017 Books 15/02/2019
    Dewey Decimal Classification     AYURVEDA SGT FA-FP Library SGT FA-FP Library Text Book 12/01/2018 CHAUKHAMBHA PUB 495.00 SGTU CP/B/849   615 P15M FA7595 12/01/2018 25/12/2017 Books